000
00363nam a2200157 4500
001
46016
090
_a
46016
100
_a
20260421 pory50
101
_a
por
102
_a
PT
200
_a
Na Estrada para Bagdad
_f
Güneli Gün
_g
trad. José Vieira de Lima
210
_a
Porto
_c
Asa
_d
1996
215
_a
427 p.
675
_a
82-31
801
_a
PT
_g
RPC
990
_c
LIVROS